Statistics for Golden Globe Best Actress - Motion Picture Comedy or Musical

Click here to take the quiz!

General Stats

  • This quiz has been taken 114 times
  • The average score is 48 of 73

Answer Stats

YearFilmAnswer% Correct
2007The Devil Wears PradaMeryl Streep
99%
2010Julie & JuliaMeryl Streep
99%
1965Mary PoppinsDame Julie Andrews
96%
1966The Sound of MusicDame Julie Andrews
96%
1983Victor/VictoriaDame Julie Andrews
96%
2017La La LandEmma Stone
96%
1991Pretty WomanJulia Roberts
95%
1988MoonstruckCher
94%
2013Silver Linings PlaybookJennifer Lawrence
92%
2016JoyJennifer Lawrence
92%
2008La Vie en RoseMarion Cotillard
92%
1996To Die ForNicole Kidman
92%
2002Moulin Rouge!Nicole Kidman
92%
2006Walk the LineReese Witherspoon
92%
1978Annie HallDiane Keaton
91%
2004Something's Gotta GiveDiane Keaton
91%
1999Shakespeare in LoveGwyneth Paltrow
91%
1969Funny GirlBarbra Streisand
90%
1977A Star Is BornBarbra Streisand
90%
1998As Good as It GetsHelen Hunt
90%
1990Driving Miss DaisyJessica Tandy
90%
2003ChicagoRenée Zellweger
88%
2001Nurse BettyRenée Zellweger
88%
1981Coal Miner's DaughterSissy Spacek
86%
1987Crimes of the HeartSissy Spacek
86%
2019The FavouriteOlivia Colman
85%
1973CabaretLiza Minnelli
83%
1997EvitaMadonna
82%
2012My Week with MarilynMichelle Williams
82%
2015Big EyesAmy Adams
81%
2014American HustleAmy Adams
81%
1968The GraduateAnne Bancroft
81%
1960Some Like It HotMarilyn Monroe
79%
2018Lady BirdSaoirse Ronan
78%
1979California SuiteDame Maggie Smith
73%
1974A Touch of ClassGlenda Jackson
73%
2011The Kids Are All RightAnnette Bening
72%
2005Being JuliaAnnette Bening
72%
1955A Star Is BornJudy Garland
72%
1989Working GirlMelanie Griffith
71%
1961The ApartmentShirley MacLaine
71%
1964Irma la DouceShirley MacLaine
71%
1992For the BoysBette Midler
69%
1980The RoseBette Midler
69%
1994What's Love Got to Do with IthAngela Bassett
67%
1995True LiesJamie Lee Curtis
63%
1957The King and IDeborah Kerr
62%
1984Educating RitaDame Julie Walters
59%
1985Romancing the StoneKathleen Turner
59%
1986Prizzi's HonorKathleen Turner
59%
2020The FarewellAwkwafina
51%
1951Born YesterdayJudy Holliday
49%
2000TumbleweedsJanet McTeer
46%
1959Auntie MameRosalind Russell
44%
1963GypsyRosalind Russell
44%
1962A Majority of OneRosalind Russell
44%
1976TommyAnn-Margret
41%
1979Same Time, Next YearEllen Burstyn
40%
1967Georgy GirlLynn Redgrave
38%
1978The Goodbye GirlMarsha Mason
37%
2009Happy-Go-LuckySally Hawkins
37%
1971Diary of a Mad HousewifeCarrie Snodgress
31%
1982Pennies from HeavenBernadette Peters
27%
1993Enchanted AprilMiranda Richardson
27%
1975The Three MusketeersRaquel Welch
27%
1972The Boy FriendTwiggy
26%
1953With a Song in My HeartSusan Hayward
21%
1970Me, NataliePatty Duke
18%
1954Call Me MadamEthel Merman
9%
1958Les GirlsKay Kendall
9%
1958Les GirlsTaina Elg
8%
1956Guys and DollsJean Simmons
6%
1952Too Young to KissJune Allyson
4%

Score Distribution

Percentile by Number Answered

Percent of People with Each Score

Your Score History

You have not taken this quiz